000 00746nam a2200229 a 4500
001 BRCA_3631
005 20190320204348.0
008 260809s1960----u--a---###---#000-0#eng-#
041 _aeng
044 _au
050 4 _aZ1004.M4
_b.J67 1960
245 1 0 _aJosé Toribio Medina, humanist of the Americas
_bAn appraisal
_ced. Maury A. Bromsen.
260 _aWashington
_bPan Americana Union
_c1960
300 _a295 p.
_bil., viii retratos
_c23 cm.
500 _aDedicatoria del autor al Sr. Franz Mayer
500 _aIncluye índice alfabético, índice de apéndices y tabla de ilustraciones
500 _aB301
600 1 4 _aMedina, José Toribio
_d1852-1930
_946
700 1 _aBromsen, Maury A.
_eed
_99421
902 _aGFM
942 _2lcc
_cB
999 _c3366
_d3366